1178 1386 1584 1426 1149 1811 1390 1080 1556 1860 1993 1534 1665 1091 1787 1886 1311 1196 1920 1576 1115 1106 1155 1514 1613 1899 1744 1526 1634 1500 1316 1387 1656 1523 1204 1644 1485 1827 1937 1352 1714 1154 1684 1868 1298 1739 1753 1241 1708 1985 1862 1233 1379 1987 1400 1866 1590 1573 1700 1591 1807 1611 1456 1969 1616 1076 1581 1824 1370 1276 1150 1885 1161 1013 1897 1859 1935 1264 1322 1554 1185 1416 1942 1727 1050 1081 1144 1941 1423 1166 1558 1024 1495 1883 1521 1755 1067 1473 1410 BCNSPRNW ULIB Ver.6.0+V

เปลี่ยนเป็นภาษาไทย

Change to English
 แสดงรายละเอียดบรรณานุกรม
  กลับหน้าหลัก

Brief Record : Get Marc (ISO 2709) : E-mail record : QR code < ปิดหน้าต่าง
LEADER : 00000nam 2200000uu 4500
001    13399122821
003     ULIB
008    130927s2554||||th 000 0 tha d
020    ^a9786167078205
090    นว.^bภ21ส
100 0  ^aภาคินัย
245 10 ^aสวนสนุกแดนนรก /^cภาคินัย [นามแฝง]
260    ^aกรุงเทพฯ :^bโซฟา พับลิชชิ่ง,^c2554
300    ^a256 หน้า
945    ^p200^l0^i034047
999    ^aเกษร โพธิ์สุวรรณ
รายการนี้ยังไม่มีแท็ก
คุณยังไม่ได้ล็อกอิน คุณสามารถมีกิจกรรมร่วมกับเว็บไซต์ได้ แต่ต้องล็อกอินก่อน ::
  ล็อกอิน

รายการสื่อสารสนเทศ

ลำดับที่ ประเภท เลขเรียก/บาร์โค้ด สถานที่ สถานะ
1. นวนิยาย
นวนิยาย
นว. ภ21ส ฉ.1 
  Barcode: 034047
ห้องสมุดวิทยาเขตสวรรค์ประชารักษ์
►นวนิยาย
บนชั้น
  ขอยืม

รายการใกล้เคียง
    ผู้แต่ง [ภาคินัย]

BibComment


ยังไม่เคยถูกคอมเมนท์

คอมเมนท์ทรัพยากรรายการนี้
  คอมเมนท์: สวนสนุกแดนนรก ภ..


 Copyright 2026. Bcnsprnw @Library